Stepping out: the making of Chinese enterpreneurs (Record no. 76824)

MARC details
000 -LEADER
fixed length control field 00887nam a2200217 a 4500
008 - FIXED-LENGTH DATA ELEMENTS--GENERAL INFORMATION
fixed length control field 120416s1994 ||||||||||||||||| || u
020 ## - INTERNATIONAL STANDARD BOOK NUMBER
International Standard Book Number 0136060218
050 ## - LIBRARY OF CONGRESS CALL NUMBER
Classification number HB 615 Bun
100 ## - MAIN ENTRY--PERSONAL NAME
Personal name Bun, Chan Kwok
245 10 - TITLE STATEMENT
Title Stepping out: the making of Chinese enterpreneurs
260 ## - PUBLICATION, DISTRIBUTION, ETC.
Place of publication, distribution, etc. New York
Name of publisher, distributor, etc. FT Prentice-Hall
Date of publication, distribution, etc. 1994
300 ## - PHYSICAL DESCRIPTION
Extent xvi, 405p. : ill.
350 ## -
-- 0.00
650 ## - SUBJECT ADDED ENTRY--TOPICAL TERM
Topical term or geographic name entry element CHINA--EMIGRATION AND IMMIGRATION
650 ## - SUBJECT ADDED ENTRY--TOPICAL TERM
Topical term or geographic name entry element ENTREPRENEURSHIP - SINGAPORE
650 #0 - SUBJECT ADDED ENTRY--TOPICAL TERM
Topical term or geographic name entry element BUSINESS
650 ## - SUBJECT ADDED ENTRY--TOPICAL TERM
Topical term or geographic name entry element BUSINESSMEN--SINGAPORE--BIOGRAPHY
650 ## - SUBJECT ADDED ENTRY--TOPICAL TERM
Topical term or geographic name entry element SINGAPORE - EMIRATION AND IMMIGRATION
995 ## -
-- BINDERY (DAMAGED)
-- 0.00
-- 000047
-- CBU-MAIN LIBRARY (Kitwe)
-- 1
-- 16.95
-- HB 615 Bun
-- DAMAGED
-- 000047
-- Main Library Open Access Collection
995 ## -
-- BINDERY (DAMAGED)
-- 0.00
-- 727181
-- CBU-MAIN LIBRARY (Kitwe)
-- 2
-- 16.95
-- HB 615 Bun
-- DAMAGED
-- 000097
-- Main Library Open Access Collection
999 ## -
-- 76824
-- 76824
Holdings
Withdrawn status Lost status Source of classification or shelving scheme Damaged status Not for loan Permanent Location Current Location Shelving location Date acquired Total Checkouts Full call number Barcode Date last seen Copy number Price effective from Koha item type
          CBU-MAIN LIBRARY, KITWE. CBU-MAIN LIBRARY, KITWE.   04/25/2023   HB 615 Bun 000047 04/25/2023 1 04/25/2023 MONOGRAPH
          CBU-MAIN LIBRARY, KITWE. CBU-MAIN LIBRARY, KITWE.   04/25/2023   HB 615 Bun 000097 04/25/2023 2 04/25/2023 MONOGRAPH